<?xml version="1.0" encoding="UTF-8"?>
<collection xmlns="http://www.loc.gov/MARC21/slim">
    <record>
        <controlfield tag="001">62957</controlfield>
        <controlfield tag="005">20171107135357.0</controlfield>
        <datafield tag="024" ind1="7" ind2=" ">
            <subfield code="2">doi</subfield>
            <subfield code="a">10.26754/CINAIC.2017.000001_125</subfield>
        </datafield>
        <datafield tag="037" ind1=" " ind2=" ">
            <subfield code="a">COMPON-2017-0107</subfield>
        </datafield>
        <datafield tag="041" ind1=" " ind2=" ">
            <subfield code="a">spa</subfield>
        </datafield>
        <datafield tag="100" ind1=" " ind2=" ">
            <subfield code="0">0000-0003-4034-7757</subfield>
            <subfield code="a">Fidalgo-Blanco, Ángel</subfield>
            <subfield code="u">Universidad Politécnica de Madrid, España</subfield>
        </datafield>
        <datafield tag="245" ind1=" " ind2=" ">
            <subfield code="a">Inteligencia colectiva en el aula. Un paradigma cooperativo
[Collective Intelligence in the classroom. A cooperative paradigm]</subfield>
        </datafield>
        <datafield tag="260" ind1=" " ind2=" ">
            <subfield code="c">2017</subfield>
        </datafield>
        <datafield tag="506" ind1=" " ind2=" ">
            <subfield code="a">Access copy available to the general public</subfield>
            <subfield code="f">Unrestricted</subfield>
        </datafield>
        <datafield tag="520" ind1="3" ind2=" ">
            <subfield code="a">El principal principio de la Inteligencia colectiva se basa en que un grupo siempre puede generar más inteligencia que una sola persona de esos grupos. Este planteamiento se puede aplicar a cualquier grupo (físico o virtual) que persiga un objetivo común. Este es el caso del alumnado que está matriculado en una misma asignatura: es un grupo y comparte un objetivo común. De forma habitual el aprendizaje (destreza cognitiva de alto nivel) se plantea de forma individual, así como la inteligencia. En este trabajo se aplican modelos de Inteligenca Colectiva desarrollado en las clases de aula y soportado por una red social. De tal forma que permita cooperar a todo el alumnado de la asignatura para su objetivo común: el aprendizaje.
[The main principle of collective intelligence is based on one group can always generate more intelligence than a single person within those groups. This approach can be applied to any group (physical or virtual) that pursues a common goal. This is the case of students who are enrolled in the same subject: it is a group and shares a common goal. Usually learning (high level cognitive skills) is posed individually as well as intelligence. In this paper, we apply models of collective inteligence, which have been developed in classrooms and supported by a social network. In such a way that it allows to cooperate to all the students of the subject for its common objective: the learning.]</subfield>
        </datafield>
        <datafield tag="540" ind1=" " ind2=" ">
            <subfield code="9">info:eu-repo/semantics/openAccess</subfield>
            <subfield code="a">by-nc-nd</subfield>
            <subfield code="u">http://creativecommons.org/licenses/by-nc-nd/3.0/es/</subfield>
        </datafield>
        <datafield tag="653" ind1="1" ind2=" ">
            <subfield code="a">Inteligencia Colectiva;Redes Sociales;Cooperación  </subfield>
        </datafield>
        <datafield tag="653" ind1="1" ind2=" ">
            <subfield code="a">Collective Intelligence;Social Networks;Cooperation  </subfield>
        </datafield>
        <datafield tag="655" ind1=" " ind2="4">
            <subfield code="a">Comunicación</subfield>
        </datafield>
        <datafield tag="700" ind1=" " ind2=" ">
            <subfield code="0">
0000-0002-6873-0996</subfield>
            <subfield code="a">Sein-Echaluce, María Luisa</subfield>
            <subfield code="u">Universidad de Zaragoza, España</subfield>
        </datafield>
        <datafield tag="700" ind1=" " ind2=" ">
            <subfield code="a">García Peñalvo, Francisco J.</subfield>
            <subfield code="u">Universidad de Salamanca, España</subfield>
        </datafield>
        <datafield tag="773" ind1=" " ind2=" ">
            <subfield code="d">Zaragoza</subfield>
            <subfield code="g">IV Congreso Internacional sobre Aprendizaje, Innovación y Competitividad-CINAIC (Zaragoza 4-6 Octubre 2017)</subfield>
        </datafield>
        <datafield tag="856" ind1="4" ind2=" ">
            <subfield code="s">318661</subfield>
            <subfield code="u">http://zaguan.unizar.es/record/62957/files/125.pdf</subfield>
        </datafield>
        <datafield tag="909" ind1="C" ind2="O">
            <subfield code="o">oai:zaguan.unizar.es:62957</subfield>
            <subfield code="p">comunicaciones-ponencias</subfield>
        </datafield>
        <datafield tag="980" ind1=" " ind2=" ">
            <subfield code="a">COMPON</subfield>
        </datafield>
    </record>

    
</collection>